| 000 | 00522nam a2200181 a 4500 | ||
|---|---|---|---|
| 001 | 2228 | ||
| 005 | 20140414131849.0 | ||
| 008 | 001113s19uu xx 00 eng d | ||
| 020 | _a0-02-129210-8 | ||
| 050 |
_aM 428.4 _bSm5 1980 |
||
| 100 | _aSmith, Carl B. | ||
| 245 |
_aObservation / _cSenior Author Carl B. Smith and Ronald Wardaugh. |
||
| 260 |
_aNew York : _bMacmillan, _c1980. |
||
| 300 | _a103 p. : ill. ; cm. | ||
| 440 | _aMacmillan reading series | ||
| 650 | _aReading - Study and teaching. | ||
| 999 |
_c110072 _d110072 |
||